Statistics for Daniel Radcliffe Filmography

Click here to take the quiz!

General Stats

  • This quiz has been taken 15 times
    (7 since last reset)
  • The average score is 12 of 37

Answer Stats

YearFilm/TVRole% Correct
2011Harry Potter and the Deathly Hallows Part 2Harry Potter
100%
2001Harry Potter and the Philosopher's StoneHarry Potter
100%
2002Harry Potter and the Chamber of SecretsHarry Potter
100%
2004Harry Potter and the Prisoner of AzkabanHarry Potter
100%
2005Harry Potter and the Goblet of FireHarry Potter
100%
tv special 2006The Children's Party at the PalaceHarry Potter
100%
2007Harry Potter and the Order of the PhoenixHarry Potter
100%
2009Harry Potter and the Half Blood PrinceHarry Potter
100%
short 2010Harry Potter and the Forbidden JourneyHarry Potter
100%
2010Harry Potter and the Deathly Hallows Part 1Harry Potter
100%
tv series 2006ExtrasDaniel Radcliffe
33%
2015 tv seriesBojack HorsemanDaniel Radcliffe
33%
2015Victor FrankensteinIgor
33%
1999David CopperfieldYoung David
33%
2013Kill Your DarlingsAllen Ginsberg
17%
2012The Woman In BlackArthur Kipps
17%
2016Swiss Army ManManny
17%
2007December BoysMaps
17%
2019Guns AkimboMiles
17%
2013What IfWallace
17%
2010-2014 tv seriesThe SimpsonsDiggs/ Edmund
0%
2013HornsIg Perrish
0%
tv movie 2007My Boy JackJohn Kipling
0%
2011Late Late Show with David LettermanJ. Pierrepont Finch
0%
2001The Tailor of PanamaMark
0%
2016ImperiumNate Foster
0%
2019Playmobil The Movierex Dasher
0%
2017National Theatre Live: Rosencrantz & Guildenstern are DeadRosencrantz
0%
tv movie 2013The GameChangersSam Houser
0%
2018Beast of BurdenSean Haggerty
0%
2015TrainwreckThe Dogwalker
0%
2012 tv seriesRobot ChickenThomas the Tank Engine/ Mullet Kid
0%
2017Escape from pretoriaTim Jenkin
0%
2020Escape from PretoriaTim Jenkin
0%
2016Now You See Me 2Walter Mabry
0%
2017JungleYossi Ghinsberg
0%
2012-2013 tv seriesA Young Doctor's Notebook & Other StoriesYoung Doctor
0%

Score Distribution

Percentile by Number Answered

Percent of People with Each Score

Your Score History

You have not taken this quiz since the last reset